000 00599nam a2200193 i 4500
001 86781
003 ES-MaACL
005 20250816090436.0
007 t|
008 041215s1962 sp ||||1| spa d
080 _a694
100 1 _aKay, N. W.
_967673
245 1 0 _aCarpintería de armar y de taller
_b: guía completa y práctica para todas las ramas de la profesión /
_cN.W. Kay.
260 _aBarcelona :
_bGustavo Gili,
_c1962.
300 _a499 p., 1 lám. :
_bil. ;
_c25 cm.
650 0 7 _aCarpintería
_2embne
_910790
852 _aES-MaACL
_jC-22480
_bR.51057
999 _c86781
_d86781